| 000 | 00502nam a22001217a 4500 | ||
|---|---|---|---|
| 082 | _a220 PRO | ||
| 100 |
_aNC Abdul Muqeet Bin Tashfeen NC Faiq Ahmad Butt NC Hassan Ullah NC Asad Irshad _971849 |
||
| 245 | _aPR-SOF-1677-DESIGN IMPROVEMENT OF A3-1-17 DIESEL FUEL INJECTOR NOZZLE TEST BENCH FOR EXPERIMENTAL SPRAY ANALYSIS | ||
| 260 |
_aISLAMABAD _bNUST COLLEGE OF EME _c2018 |
||
| 650 | _aDE-MTS-36 | ||
| 700 |
_aSupervised by Col. Nasir Rashid Dr. Amir Hamza Col. Shafqat Hussain _971850 |
||
| 942 | _cCR | ||
| 999 |
_c578143 _d578143 |
||